000 00599nam a22001937a 4500
999 _c1997
_d1997
003 AR-CdUCM
008 190228b ||||| |||| 00| 0 spa d
040 _aMUNICIPALIDAD PROVINCIAL DEL CUSCO
_cBIBLIOTECA MUNICIPAL DEL CUSCO
082 _a868.6 /
_bX53
100 _aXuewu, Qiu
_97277
245 _aViaje por el Río Changjiang /
260 _aChina :
_bEdiciones en Lenguas Extranjeras ;
_c1980.
300 _a136 páginas
_bfotografías, mapas
_c18cm
505 _aNarrativa
650 _aNarrativa
_967
650 _aLiteratura china
_97278
942 _2ddc
_cLIBROS
945 _anom
_d2019-02-28